Overseas Useful Biological Resources III (Registro nro. 20547)
[ vista simple ]
| 000 -CABECERA | |
|---|---|
| Campo de control | 01189nam a22003857a 4500 |
| 005 - FECHA Y HORA DE LA ULTIMA TRANSACCION | |
| Campo de control | 20191105042422.0 |
| 008 - ELEMENTOS DE LONGITUD FIJA—INFORMACION GENERAL | |
| Campo de control | 191105b xxu||||| |||| 00| 0 spa d |
| 020 ## - ISBN | |
| ISBN | 9788968113109 |
| 040 ## - FUENTE DE CATALOGACIÓN | |
| Agencia catalogadora original | CO-BoIAVH |
| Agencia transcriptora | CO-BoIAVH |
| 041 ## - IDIOMA | |
| Código de idioma para texto/pista de sonido o título separado | Inglés |
| 041 ## - IDIOMA | |
| Código de idioma para texto/pista de sonido o título separado | Koreano |
| 044 ## - PAÍS DE PUBLICACIÓN | |
| País de publicación | Corea (Sur) |
| 082 ## - NUMERO DE CLASIFICACION DECIMAL DEWEY | |
| Número de clasificación | 333.95074 |
| Número del ítem | C45o |
| 100 ## - ASIENTO PRINCIPAL--NOMBRE PERSONAL | |
| 9 (RLIN) | 101872 |
| Nombre personal | Choi |
| 245 ## - MENCION DE TITULO | |
| Título | Overseas Useful Biological Resources III |
| Parte restante del título | Cambodia, Mongolia, Vietnam (2016-2017). |
| 260 ## - PUBLICACION, DISTRIBUCION, ETC. (PIE DE IMPRENTA) | |
| Lugar de publicación, distribución, etc. | Incheon: |
| Nombre del editor, distribuidor, etc. | National Institute of Biological Resources, |
| Fecha de publicación, distribución, etc. | 2018. |
| 300 ## - DESCRIPCION FISICA | |
| Extensión | 360 Páginas: |
| Otros detalles físicos | fotografías, |
| Dimensiones | 23 x 15 cm. |
| 650 #0 - ASIENTO SECUNDARIO DE MATERIA - TERMINO TEMATICO | |
| 9 (RLIN) | 73304 |
| Término temático o nombre geográfico como elemento de entrada | Guía Ilustrada |
| 650 #0 - ASIENTO SECUNDARIO DE MATERIA - TERMINO TEMATICO | |
| 9 (RLIN) | 1763 |
| Término temático o nombre geográfico como elemento de entrada | vegetación |
| 650 #0 - ASIENTO SECUNDARIO DE MATERIA - TERMINO TEMATICO | |
| 9 (RLIN) | 101846 |
| Término temático o nombre geográfico como elemento de entrada | Taxonomía |
| Subdivisión geográfica | Cambodia |
| 650 #0 - ASIENTO SECUNDARIO DE MATERIA - TERMINO TEMATICO | |
| 9 (RLIN) | 54 |
| Término temático o nombre geográfico como elemento de entrada | Biodiversidad |
| 700 ## - ASIENTO SECUNDARIO - NOMBRE PERSONAL | |
| 9 (RLIN) | 101873 |
| Nombre personal | Jong-won |
| 700 ## - ASIENTO SECUNDARIO - NOMBRE PERSONAL | |
| 9 (RLIN) | 101852 |
| Nombre personal | Oh, Kyoung-Hee |
| 700 ## - ASIENTO SECUNDARIO - NOMBRE PERSONAL | |
| 9 (RLIN) | 101796 |
| Nombre personal | Kang, Jae-Shin |
| 700 ## - ASIENTO SECUNDARIO - NOMBRE PERSONAL | |
| 9 (RLIN) | 101854 |
| Nombre personal | Hyun, Chang-Woo |
| 700 ## - ASIENTO SECUNDARIO - NOMBRE PERSONAL | |
| 9 (RLIN) | 101797 |
| Nombre personal | Lee, Jaeho |
| 700 ## - ASIENTO SECUNDARIO - NOMBRE PERSONAL | |
| 9 (RLIN) | 101798 |
| Nombre personal | Jeon, Mi-Jeong |
| 700 ## - ASIENTO SECUNDARIO - NOMBRE PERSONAL | |
| 9 (RLIN) | 101874 |
| Nombre personal | Han, Jeong Eun |
| 700 ## - ASIENTO SECUNDARIO - NOMBRE PERSONAL | |
| 9 (RLIN) | 101814 |
| Nombre personal | Shin, Ayoung |
| 700 ## - ASIENTO SECUNDARIO - NOMBRE PERSONAL | |
| 9 (RLIN) | 101813 |
| Nombre personal | Oh, Sunhye |
| 700 ## - ASIENTO SECUNDARIO - NOMBRE PERSONAL | |
| 9 (RLIN) | 101856 |
| Nombre personal | Park, Yu-Jin |
| 700 ## - ASIENTO SECUNDARIO - NOMBRE PERSONAL | |
| 9 (RLIN) | 101875 |
| Nombre personal | Park, Han-Sol |
| 700 ## - ASIENTO SECUNDARIO - NOMBRE PERSONAL | |
| 9 (RLIN) | 101822 |
| Nombre personal | Lee, Hyun-Suk |
| 942 ## - ELEMENTOS ADICIONALES (KOHA) | |
| Sistema de clasificación | Dewey Decimal Classification |
| Tipo de ítem | Libro |
| Withdrawn status | Lost status | Sistema de Clasificación | Damaged status | No para préstamo | Colección | Ubicación Permanente | Ubicación actual | Fecha de adquisición | Total Checkouts | Número topográfico | Inventario / Código de Barras | Date last seen | Ejemplar | Price effective from | Forma de adquisición | Tipo de material |
|---|---|---|---|---|---|---|---|---|---|---|---|---|---|---|---|---|
| Dewey Decimal Classification | General | Bogotá | Bogotá | 05/11/2019 | LB-333.95074 C45o | 043669 | 05/11/2019 | Ej.1 | 05/11/2019 | Canje | Libro |